|
|
|
|
| LEADER |
00000nam0a2200000 4500 |
| 001 |
314506 |
| 005 |
20231102002702.0 |
| 035 |
|
|
|a (RuTPU)RU\TPU\book\339927
|
| 090 |
|
|
|a 314506
|
| 100 |
|
|
|a 20160216d1969 km y0rusy50 ca
|
| 101 |
0 |
|
|a rus
|
| 102 |
|
|
|a RU
|
| 105 |
|
|
|a a z 001zy
|
| 200 |
1 |
|
|a Твердые ракетные топлива
|f А. И. Григорьев
|
| 210 |
|
|
|a Москва
|c Химия
|d 1969
|
| 215 |
|
|
|a 116 с.
|c ил.
|
| 320 |
|
|
|a Библиогр.: с. 111-115.
|
| 606 |
1 |
|
|a Топливо твердое
|x Горение
|2 stltpush
|3 (RuTPU)RU\TPU\subj\33021
|9 55379
|
| 610 |
1 |
|
|a энергетические свойства
|
| 610 |
1 |
|
|a механические свойства
|
| 610 |
1 |
|
|a коллоидные топлива
|
| 610 |
1 |
|
|a смесевые топлива
|
| 675 |
|
|
|a 662.611
|v 3
|
| 700 |
|
1 |
|a Григорьев
|b А. И.
|g Александр Иосифович
|
| 801 |
|
1 |
|a RU
|b 63413507
|c 20160216
|
| 801 |
|
2 |
|a RU
|b 63413507
|c 20211217
|g RCR
|
| 942 |
|
|
|c BK
|